LEADER 01066nam a2200277 u 4500 001 000000089779 003 CaOOAMICUS 005 20090709104821.0 008 051130s1966 it u000 u ita u 035 $a11070819 040 $aPUL(R)$bita 041 1 $aita$heng 100 1 $aLarner, Jeremy.$0(OLS)http://pul/name/58122 245 10$aDrogati al magnetofono /$cdi Jeremy Larner e Ralph Tefferteller. 260 $aMilano :$bMondadori,$c[1966] 300 $a226 p. ;$c19 cm 490 1 $aPresadiretta ;$v9 504 $aBibliografia in nota. 650 4$aDroghe$xAspetti sociali.$0(OLS)http://pul/subject/23255 700 1 $aTefferteller, Ralph.$0(OLS)http://pul/name/58123 830 0$aPresadiretta ;$v9.$0(OLS)http://pul/title/115910 850 $aPUL 852 $aPUL$W1$xDP1 Fondo Pastorale$y55$mP13 C 29$j113446$nBK-PRI$b $qFondi$B113446$CPULBib$Z2$F113446 $HPUL2452 $81 941 1 $a1 996 $6245$aDrogati al magnetofono$9(OLS)http://pul/title/115909 996 $6260$aMilano :$bMondadori$9(OLS)http://pul/publisher/50297 LEADER 01166nam a2200253 u 4500 001 000000064083 003 CaOOAMICUS 005 20070226121322.0 008 011113s1970 fr u000 u fre u 035 $a10909708 040 $aPUL(R)$bita 100 1 $aArkoun, Mohammed.$0(OLS)http://pul/name/43360 245 10$aMiskawayh philosophe et historien :$bcontribution à l'étude de l'humanisme arabe au IVe/Xe siècle /$cMohammed Arkoun. 260 $aParis :$bJ. Vrin,$c1970. 300 $a387 p. ;$c25 cm 502 $aThèse (doct.) -- Université de Paris (Sorbonne). Faculté des Lettres et Sciences humaines., 1969. 504 $aBibliografia in nota. 600 14$aIbn Miskawayh, A?mad ibn Mu?ammad,$dm. 1030.$0(OLS)http://pul/subject/23871 850 $aPUL 852 $aPUL$W1$xSL Filosofia 1$y2$m81 L 3$j83118$nBK-PRI$b $qStampati$B83118$CPULBib$Z2$F83118 $H $81 941 1 $a8 961 $aINV: 37231 996 $6245$aMiskawayh philosophe et historien :$bcontribution à l'étude de l'humanisme arabe au IVe/Xe siècle$9(OLS)http://pul/title/85407 996 $6260$aParis :$bJ. Vrin$9(OLS)http://pul/publisher/48393